000 00955nam a2200253Ia 4500
003 OSt
005 20220930092135.0
006 a|||||r|||| 00| 0
007 ta
008 220926b |||||||| |||| 00| 0 eng d
024 _a12431
037 _cTheses
040 _aCRL
_cCRL
_beng
041 _2eng
_aeng
100 _aRuchika Kumar
_9547950
110 _aUniversity of Delhi. Faculty of Medical Science. Department of Pedriatrics
_9547951
245 0 _aA randomized controlled trial to compare the safety and efficiency of low osmolarity ors versus modified rehydration solution for malnourished children for treatment of children with severe acute malnutrition and diarrhea
260 _c2013
650 _aMEDICINE
700 _a Parveen Kumar Gu.
_9547952
700 _aUniversity of Delhi. Faculty of Medical Science. Department of Pedriatrics
_9547953
942 _cDIS
_2CC
999 _c883296
_d883296